Αγώνων Πόλις : διαδρομές στη σύγχρονη ελληνική ζωγραφική.
Saved in:
| Format: | Book |
|---|---|
| Language: | Greek |
| Published: |
[Αθήνα] :
[Δήμος Αθηναίων],
[2004].
|
| Subjects: | |
| Tags: |
Add Tag
No Tags, Be the first to tag this record!
|
MARC
| LEADER | 00000cam a2200000 a 4500 | ||
|---|---|---|---|
| 001 | 1/124436 | ||
| 008 | 220224s2004####gr a|||||| |||| ||gre|| | ||
| 040 | |a GR-MyUa |b gre |c GR-MyUa |e AACR2 | ||
| 041 | 0 | |a gre | |
| 082 | 7 | |a 759.9495 |2 (23) | |
| 245 | 0 | 0 | |a Αγώνων Πόλις : |b διαδρομές στη σύγχρονη ελληνική ζωγραφική. |
| 260 | |a [Αθήνα] : |b [Δήμος Αθηναίων], |c [2004]. | ||
| 300 | |a 162 σ. : |b εικ. έγχρ. ; |c 30 εκ. | ||
| 500 | |a Ζωγραφική έκθεση του Δήμου Αθηναίων στην Τεχνόπολη, στο πλαίσιο των Πολιτιστικών του Προγραμμάτων για τους Ολυμπιακούς Αγώνες, 2004. | ||
| 650 | 0 | |a Art |z Greece |z Athens |x Exhibitions. | |
| 650 | 0 | |a Painting, Greek |y 21st century |x Exhibitions. | |
| 852 | |a INST |b LESVOS |e 20220224 |h 759.9495 ΑΓΩ |p 005100064384 |q 005100064384 |t BK |y 0 | ||
| 970 | |a Δημάκη |b Μαρία |z 24-02-2022 | ||